00594nam a2200157 4500001000700000003000900007005001700016007000300033008004100036100003800077245008700115260006100202852003200263999001900295952012200314109925ES-MaACL20230906184937.0t|061121s1962 sp r ||||1| spa d1 aOñativia Aurela, Manuel.98711713aEl matrimonio es así b: (el mejor regalo de boda) / cManuel Oñativia Aurela. aSan Sebastián : b[s.n.], c1962 (fTip. Izarra S. S.) aES-MaACLjC-25479 bR.51768 c109925d109925 00104070aATENEOMbATENEOMcDEPO2d2008-01-17eSCl0oC-25479p1114691r2023-02-23 00:00:00w2023-02-23yMONOGRAFIA